| 000 | 00371nam a2200145Ia 4500 | ||
|---|---|---|---|
| 008 | 191201s2004 xx 000 0 und d | ||
| 082 |
_a621.319 _bRAE |
||
| 100 | _aRAO, S | ||
| 245 | 0 | _a EHV-AC, HVDC Transmission and Distribution Engineering | |
| 250 | _a3rd | ||
| 260 |
_aN.Delhi _bKhanna Publisher _c2004 |
||
| 300 | _a1421 | ||
| 650 | _aB.Tech(ECE) | ||
| 942 |
_2ddc _cBK |
||
| 999 |
_c1466 _d1466 |
||